000
00264nam a2200121Ia 4500
008
190216s9999||||xx |||||||||||||| ||und||
100
_a
Pottakadu S K
245
0
_a
Devalokam
260
_b
Poorna Pubs Kozhikode
300
_a
434p
650
_a
Novel
942
_c
BK
999
_c
25606
_d
25606